Quizzes
Events
Quiz Creation
Community
Videos
Private Events
Remove Ads
Sign In
Join for FREE
Feedback
Dark Mode
Quiz Categories
Sports
Geography
Music
Movies
Television
Just For Fun
Miscellaneous
History
Literature
Language
Science
Gaming
Entertainment
Religion
Holiday
For Kids
Quiz Lab
Recent
Popular Today
Quiz Kudos Today
Editor Picks
Curator Picks
Quizzes by...
Day
Popularity
Type
Ratings
Length
Year
Community
Subscriptions
Recent Discussions
Orange Saloon
Badges
Playlists
Quests
Create
Leaderboards
Showdown
Live 5
Trivia Bingo
Activity
Puzzle Library
Sporcle Events
Private Events
Virtual Trivia
Globe League
Become a Host
Pub Owners
SporcleCon
Opinionation
Our Games
Videos
Blog
Mobile Apps
Partnerships
Remove Ads and Go Orange
Feedback
Geography
Country
Landmarks
City
State
Population
World
Capital
Continent
Flags
Europe
Africa
Asia
South America
North America
Oceania
Border
Canada
United Kingdom
Topography
United States
Geography
Country
Landmarks
City
State
Population
World
Capital
Continent
Flags
Europe
Africa
Asia
South America
North America
Oceania
Border
Canada
United Kingdom
Topography
United States
Random Quiz
Search Sporcle
×
Quiz Lab
Quiz Lab
Geography
State
Type in answers that appear in a list
Type in answers that appear in a list
Classic
Best Score? Go Orange.
Largest City in Each State Stats
Can you name the Largest City in Each State?
By
TheArtist5
10m
50 Questions
78 Plays
78 Plays
78 Plays
Comments
Comments
Give Quiz Kudos
Give Quiz Kudos
-
- Ratings
hide this ad
Replay
Link that replays current quiz
Next Quiz
Link to next quiz in quiz playlist
You Got
0%
They Got
Avg Score
86%
Avg Friend Score
Upgrade to see
Score Distribution
Jump to the score distribution portion of the page
Score
0/50
Timer
10:00
0
Plays Today
State
City
% Correct
Arizona
Phoenix
100%
California
Los Angeles
100%
Colorado
Denver
97.4%
Georgia
Atlanta
96.2%
New York
New York City
96.2%
Arkansas
Little Rock
94.9%
Illinois
Chicago
94.9%
Nevada
Las Vegas
94.9%
Texas
Houston
94.9%
Alaska
Anchorage
93.6%
Florida
Jacksonville
93.6%
Michigan
Detroit
93.6%
Mississippi
Jackson
93.6%
Utah
Salt lake City
93.6%
Hawaii
Honolulu
92.3%
Massachusetts
Boston
92.3%
Washington
Seattle
92.3%
Louisiana
New Orleans
91%
Maine
Portland
91%
Ohio
Columbus
91%
Oregon
Portland
91%
Pennsylvania
Philadelphia
91%
Idaho
Boise
89.7%
Indiana
Indianapolis
89.7%
Missouri
Kansas City
89.7%
State
City
% Correct
Oklahoma
Oklahoma City
89.7%
Alabama
Birmingham
87.2%
Wisconsin
Milwaukee
87.2%
Iowa
Des Moines
85.9%
Maryland
Baltimore
85.9%
Minnesota
Minneapolis
85.9%
New Mexico
Albuquerque
85.9%
Tennessee
Memphis
85.9%
North Carolina
Charlotte
83.3%
Rhode Island
Providence
83.3%
Kentucky
Louisville
80.8%
West Virginia
Charleston
80.8%
Wyoming
Cheyenne
80.8%
Nebraska
Omaha
79.5%
New Jersey
Newark
78.2%
Delaware
Wilmington
75.6%
Kansas
Wichita
75.6%
Virginia
Virginia Beach
73.1%
Montana
Billings
71.8%
South Carolina
Columbia
71.8%
Vermont
Burlington
70.5%
North Dakota
Fargo
69.2%
South Dakota
Sioux Falls
66.7%
New Hampshire
Manchester
65.4%
Connecticut
Bridgeport
64.1%
Quiz Playlist
Details
Report
Send in Message
Add To Playlist
Classic:
Type in answers that appear in a list
Last Updated: Feb 16, 2017
Quiz Scoreboard
CHALLENGE
Sign Up to Join the Scoreboard
Show All
Scores
Hide
Comments
May contain spoilers
Recently Published
An Introduction to Baseball
by treessimontrees
Sports
5m
Movies - When Are They Set?
by FPL_Elf
Movies
5m
Popular People in 1961
by mucciniale
History
6m
More to Explore
Quiz From the Vault
Featured Blog Post
Where Did the Easter Bunny Come From?
hide this ad
You Might Also Like...
Tags
City Quiz
State Quiz
largest
Largest City
Today's Top Quizzes in Geography
Browse Geography
hide this ad
Today's Top Quizzes in State
Browse State
Top Contributed Quizzes in Geography
1
Countries of the World - No Outlines Minefield
2
Top 25 Cities of France on a map
3
Any capital of a 'B' country per Continent
4
Closest Countries to UK A-Z
5
One Thing in Common: United Kingdom
6
Any capital of a 'C' country per Continent
7
Find the Provinces of Canada - No Outlines Minefield
8
Any capital of a 'D' country per Continent
9
Find the US States - No Outlines
10
Blind Secret Country CLXXXVIII
Explore More
Trending Topics
Anime
Disney
Harry Potter
Marvel
Crossword
NBA
Kpop
Song
Puzzle
The Office
Pokémon
NFL
WWE
Soccer
Country
hide this ad
More By:
TheArtist5
Quiz
Plays
Rating
Category
Featured
Created
Kanto Pokedex
1,053
5.00
Gaming
Dec 23, 2015
Ash Ketchum's Travelling Friends
457
4.33
Entertainment
Sep 16, 2015
Every Disney Princess Ever
444
3.00
Movies
Nov 11, 2015
Sprixie Princesses in Super Mario 3D World
347
3.33
Gaming
Sep 1, 2015
Every Main Animated Disney Movie Ever (DisneyToon Also)
285
3.00
Movies
Mar 12, 2016
Go to Creator's Profile
Score Distribution
Quiz Creator Spotlight
TheArtist5
Follow
Send a Message
Quizzes Created
-
Created Quiz Play Count
-
More By This Creator
Popular Quizzes Today
1
Find the Countries of Europe - No Outlines Minefield
2
Find the US States - No Outlines Minefield
3
The Countries of the World
4
Popular People in 1961
5
Find the US States
6
US States
7
1-10 Letter E Words III
8
Risky Map Clicking: Biggest States A-Z
More Geography Quizzes
Norway, José!
Quiz Lab
Trending Quizzes
Risky Map Clicking: Least Populous States A-Z
1-10 Letter F Words
1-10 Letter G Words
One Thing in Common: United Kingdom
Risky Map Clicking: Next State Alphabetically
Recently Updated
Leaping Animals
pecheneg
Reality TV Shows (A-Z)
bhenderson79
Rickey Henderson's Hall of Fame Teammates
pecheneg
Champions League XIs: Arsenal
pecheneg
Quick Pick: Celebrities in WWE's Hall of Fame
aduchscher
A-Z Keypad Blitz II
pecheneg
Multiple Oscar Actors
pecheneg
Mystery Phrase Blitz: Oscar 'Best Actors'
pecheneg
F. Scott Fitzgerald Novels
LTH
Pick 3 Villains
ddd62291
Trending Topics
Marvel
Kpop
Anime
Disney
Crossword
Harry Potter
NBA
Song
The Office
NFL
Pokémon
Country
Soccer
Puzzle
WWE
Your Account Isn't Verified!
In order to create a playlist on Sporcle, you need to verify the email address you used during registration. Go to your
Sporcle Settings
to finish the process.
Report this User
Report this user for behavior that violates our
Community Guidelines
.
Details:
Send Report
Go to the Sporcle.com Mobile Site →
Comments